Intencionalidad: un ensayo en la filosofía de la mente
Guardat en:
| Autor principal: | |
|---|---|
| Format: | Llibre |
| Idioma: | espanyol |
| Publicat: |
Madrid
Tecnos
1992
|
| Col·lecció: | Colección Filosofía y Ensayo
|
| Matèries: | |
| Etiquetes: |
Afegir etiqueta
Sense etiquetes, Sigues el primer a etiquetar aquest registre!
|
MARC
| LEADER | 00000nam a2200000 a 4500 | ||
|---|---|---|---|
| 001 | UCN0447 | ||
| 003 | CL-VaPUC | ||
| 008 | 010323e19920000SP |||||||||||||||||spa|d | ||
| 082 | 0 | 4 | |a 128.2 |b SEA |2 21 |
| 100 | 0 | |a Searle, John R |e author |9 455697 | |
| 245 | 1 | 0 | |a Intencionalidad: un ensayo en la filosofía de la mente |
| 300 | |a 281 p | ||
| 942 | |c BK | ||
| 945 | |d 20010323 00:00:00 |a cmena | ||
| 260 | |a Madrid |b Tecnos |c 1992 | ||
| 650 | 0 | |a Antropología filosófica |9 265842 | |
| 650 | 0 | |a Mente y cuerpo |9 307279 | |
| 650 | 0 | |a Intencionalidad |9 455698 | |
| 650 | 0 | |a Percepción |9 266750 | |
| 583 | |a last modification |c 20121001 10:46:15 |k Rodrigo Vera | ||
| 490 | 0 | |a Colección Filosofía y Ensayo | |
| 999 | |c 294195 |d 294193 | ||
| 952 | |0 0 |1 0 |4 0 |6 128_200000000000000_SEA_1992 |7 0 |8 A |9 346164 |a FDOPOS |b BIBEDU |d 2019-11-20 |i 3695603 |l 1 |o 128.2 SEA 1992 |p 3695603 |r 2025-01-22 |s 2023-11-20 |w 2019-11-20 |y BK |k MLA | ||